|
|
|
|
| LEADER |
00000cac a2200000 a 4500 |
| 001 |
112294 |
| 003 |
Ucuenca |
| 005 |
20230308220900.0 |
| 008 |
014103|2011 mx ||||r|||||||||||spa|| |
| 020 |
|
|
|a 9789681675226
|
| 040 |
|
|
|b spa
|
| 041 |
0 |
|
|a spa
|
| 082 |
0 |
|
|a 401
|
| 100 |
1 |
|
|a Beuchot, Mauricio.
|9 185605
|
| 245 |
|
|
|a Historia de la filosofía del lenguaje
|c Mauricio Beuchot
|h imp
|
| 250 |
|
|
|a 1a ed., 1a reimpresión
|
| 264 |
|
|
|a México
|b Fondo de Cultura Económica
|c 2011
|
| 300 |
|
|
|a 327 páginas:
|c 17 cm
|
| 490 |
|
|
|a Breviarios
|n no. 549
|
| 504 |
|
|
|a incl. ref.
|
| 520 |
3 |
|
|a Nuestra época ha sido llamada del giro lingüístico por el interés que en la filosofía contemporánea ha despertado el estudio del lenguaje, preocupación que se pone de manifiesto en escuelas y orientaciones distintas que van desde la hermenéutica filosófica hasta la filosofía analítica, desde el estructura lismo hasta la pragmática trascendental. En este contexto, Mauricio Beuchot nos propone volver la vista a la historia de la filosofía del le nguaje, principalmente porque a través del análisis de la historia de esta disciplina se puede llegar a esclarecer lo que ella ha sido y lo que ha de ser. Esta obra ofrece al lector un recorrido por los principales autores y escuelas que a lo largo de la historia han reflexionado sobre el lenguaje, dividiéndolos en cuatro grandes momentos: época antigua, época medieval, época moderna y época contemporánea.
|
| 650 |
|
|
|a Lenguaje
|9 144
|
| 650 |
|
|
|a Historia del lenguaje
|9 185606
|
| 650 |
|
0 |
|a Filosofía del lenguaje
|9 21788
|
| 653 |
|
|
|a LINGÜISTICA
|
| 852 |
|
|
|a UC-CDJBV
|f Compra
|l 1
|m General
|p 20141030
|q 16.20
|r 2
|t 112294
|v filo
|w Filosofía
|y 798442
|b 0
|d CDRC
|e CDRC
|g 401
|z 2014-41-03
|
| 856 |
|
|
|a http://sibuc.ucuenca.edu.ec/portada/112294.jpg
|
| 942 |
|
|
|
| 999 |
|
|
|c 135162
|d 135162
|